| 000 | 00432nam a22001817a 4500 | ||
|---|---|---|---|
| 003 | SGT | ||
| 020 | _a9789350901717 | ||
| 082 |
_a616.0707 _bO13G |
||
| 100 | _aGhom, Anil Govindrao | ||
| 245 | _aTextbook of Oral Pathology | ||
| 250 | _a2nd | ||
| 260 |
_aNew Delhi, India _bJaypee brothers _c2013 |
||
| 300 | _a1025 | ||
| 650 | _aOral Pathology | ||
| 653 | _aOral Pathology | ||
| 700 | _aMhaske, Shubhangi | ||
| 942 |
_2ddc _cBK _01 |
||
| 999 |
_c22780 _d22780 |
||